000 01082nac a22002771i 4500
003 EG-ScBUE
005 20250702081958.0
008 250629t1996 ii a f 001 0 eng d
020 _a8122409555
040 _aEG-ScBUE
_beng
_erda
_cEG-ScBUE
_dEG-ScBUE
082 0 4 _a540
_bUNI
_222
245 0 0 _aUniversity chemistry .
_nVolume 2 ,
_pSyllabus of B.Sc. II Year : theory and practicals /
_cG. Parameswara Murthy, M.Sc., Ph.D., University College of Engineering, Osmania University, Hyderabad, [and three others]
246 3 0 _aSyllabus of B.Sc. II Year :
_btheory and practicals
264 1 _aNew Delhi :
_bNew Age International Pvt. Ltd.,
_c[1996]
264 4 _cc1996
300 _a631 pages :
_billustrations ;
_c24 cm
336 _2rdacontent
_atext
_btxt
337 _aunmediated
_2rdamedia
_bn
338 _avolume
_bnc
_2rdacarrier
500 _aIncludes Appendices.
500 _aBased on common core syllabus of universities of Andhra Pradesh.
650 7 _aChemistry.
_2BUEsh
655 _vReading book
700 1 _aMurthy, G. Parameswara,
_eauthor.
942 _cBB
_2ddc
999 _c1419
_d1419